Normal view
MARC view
- 'Umar
Entry Personal Name
001 - CONTROL NUMBER
- control field: 2571
003 - CONTROL NUMBER IDENTIFIER
- control field: OSt
005 - DATE AND TIME OF LATEST TRANSACTION
- control field: 20170509093334.0
008 - FIXED-LENGTH DATA ELEMENTS
- fixed length control field: 170509|| aca||aabn | a|a d
040 ## - CATALOGING SOURCE
- Original cataloging agency: OSt
- Transcribing agency: OSt
100 ## - HEADING--PERSONAL NAME
- Personal name: 'Umar
- Numeration: II,
- Titles and other words associated with a name: Caliph,
- Dates associated with a name: d. 720
670 ## - SOURCE DATA FOUND
- Source citation: Work cat.: (OSt)0: Riwayat hidup Khalifah 'Umar bin 'Abdul 'Aziz dan Imam a-Ghazali /, 1999

PORTAL AKMAL
E-MEL JKDM
AKMAL2U
G-BAM
u-PUSTAKA